| 000 | 00384nam a22001337a 4500 | ||
|---|---|---|---|
| 020 | _a0-408-04875-1 | ||
| 082 | _a620.11892 INT'J | ||
| 100 |
_aJONES, F. R _967217 |
||
| 245 | _aINTERFACIAL PHENOMENA IN COMPOSITE MATERIALS 89 | ||
| 260 |
_aLONDON _bBUTTERWORTH _c1989 |
||
| 300 | _a323P | ||
| 650 |
_aCOMPOSITES MATERIALS CONGRESSES SURFACE CHEMITSRY CONGRESSES _967218 |
||
| 942 | _cBK | ||
| 999 |
_c575046 _d575046 |
||